00527nam a22001817a 450000500170000001000130001702000230003003500130005303700160006604000120008208200130009424500730010726000360018027000560021630000210027265000340029370000180032720170124105918.0 aB-099939 a8175641029c150.00 aB-099939 bCen Lib/Ret aDPLbEN a483bTHE aThesaurus :ba dictionary of modern words /ccompiled by Sudesh Puri aDelhibSahni Publicationsc2006 a4777, Dr. Mitra Gali, Roshanara RoadbDelhie110007 a388p.:c2cm(pbk) aEnglish DictionaryvThesaurus aPuri, Sudesh